书目信息 |
| 题名: |
给水管网工程技术
|
|
| 作者: | 赵树立 , 高艳娇 主编 | |
| 分册: | ||
| 出版信息: | 北京 化学工业出版社 2009.03 |
|
| 页数: | 299页 | |
| 开本: | 26cm | |
| 丛书名: | ||
| 单 册: | ||
| 中图分类: | TU991.33 | |
| 科图分类: | ||
| 主题词: | 给水管道--gei shui guan dao--管网--工程技术 | |
| 电子资源: | ||
| ISBN: | 978-7-122-04131-9 | |
| 000 | 00940nam0 2200253 450 | |
| 001 | 012009373343 | |
| 005 | 20091110204017.46 | |
| 010 | @a978-7-122-04131-9@dCNY58.00 | |
| 100 | @a20091110d2009 em y0chiy0120 ea | |
| 101 | 0 | @achi |
| 102 | @aCN@b110000 | |
| 105 | @aa a 000yy | |
| 106 | @ar | |
| 200 | 1 | @a给水管网工程技术@Agei shui guan wang gong cheng ji shu@f赵树立, 高艳娇主编@Fzhao shu li,gao yan jiao zhu bian |
| 210 | @a北京@c化学工业出版社@d2009.03 | |
| 215 | @a299页@c图@d26cm | |
| 320 | @a有书目 | |
| 330 | @a本书共七章,分别为给水管网工程规划、给水管网建设项目的立项与可行性研究、给水管网工程设计、给水管网工程施工、给水管网工程建设监理、管网运行及维护管理、建筑给水管网等内容。 | |
| 606 | 0 | @a给水管道@Agei shui guan dao@x管网@x工程技术 |
| 690 | @aTU991.33@v4 | |
| 701 | 0 | @a赵树立@Azhao shu li@4主编 |
| 701 | 0 | @a高艳娇@Agao yan jiao@4主编 |
| 801 | 0 | @aCN@bQSSK@c20091110 |
| 905 | @b764932-36@dTU991.33@eZ323@f5 | |
| 给水管网工程技术/赵树立, 高艳娇主编.-北京:化学工业出版社,2009.03 |
| 299页:图;26cm |
| ISBN 978-7-122-04131-9:CNY58.00 |
| 本书共七章,分别为给水管网工程规划、给水管网建设项目的立项与可行性研究、给水管网工程设计、给水管网工程施工、给水管网工程建设监理、管网运行及维护管理、建筑给水管网等内容。 |
| ● |
| 相关链接 |
|
|
|
正题名:给水管网工程技术
索取号:TU991.33/Z323
 
预约/预借
| 序号 | 登录号 | 条形码 | 馆藏地/架位号 | 状态 | 备注 |
| 1 | 764932 | 207649320 | 建筑库201/201建筑库 134排1列2层/ [索取号:TU991.33/Z323] | 在馆 | |
| 2 | 764933 | 207649339 | 建筑库201/201建筑库 134排1列2层/ [索取号:TU991.33/Z323] | 在馆 | |
| 3 | 764934 | 207649348 | 建筑库201/201建筑库 134排1列2层/ [索取号:TU991.33/Z323] | 在馆 | |
| 4 | 764935 | 207649357 | 市政与环境工程学院资料室/101建筑库 97排3列2层/ [索取号:TU991.33/Z323] | 在馆 | |
| 5 | 764936 | 207649366 | 市政与环境工程学院资料室/101建筑库 97排3列2层/ [索取号:TU991.33/Z323] | 在馆 |